Chudoba Rómov vo vzťahu k trhu práce v Slovenskej republike

Tri spôsoby prístupu k chudobe. Dôležité zistenia z hľadiska konkrétnych opatrení na riešenie postavenia Rómov. Základné faktory a dôvody prečo Rómovia padli hlbšie do chudoby ako majoritná populácia. Politická a kultúrna dimenzia uplatnenia Rómov na trhu práce.

Saved in:
Bibliographic Details
Main Author: Radičová, Iveta
Format: Book Chapter
Language:Slovak
Subjects:
Tags: Add Tag
No Tags, Be the first to tag this record!

MARC

LEADER 00000naa a2200000 4500
001 r043203
005 20230929070547.8
041 0 |a slo 
044 |a SK 
245 1 0 |a Chudoba Rómov vo vzťahu k trhu práce v Slovenskej republike  |c Iveta Radičová 
520 |a Tri spôsoby prístupu k chudobe. Dôležité zistenia z hľadiska konkrétnych opatrení na riešenie postavenia Rómov. Základné faktory a dôvody prečo Rómovia padli hlbšie do chudoby ako majoritná populácia. Politická a kultúrna dimenzia uplatnenia Rómov na trhu práce. 
610 2 0 |a Rómovia 
610 2 0 |a chudoba 
610 2 0 |a trh práce 
610 2 0 |a postavenie sociálne 
610 2 0 |a postavenie spoločenské 
610 2 0 |a vzdelávanie 
610 2 0 |a Slovensko 
100 1 |a Radičová, Iveta